Nemecko-slovenský slovník marketingových výrazov
Salvato in:
| Autore principale: | |
|---|---|
| Altri autori: | |
| Natura: | Libro |
| Lingua: | tedesco slovacco |
| Pubblicazione: |
Bratislava
UNIAPRESS
1991
|
| Edizione: | 1. vyd. |
| Tags: |
Nessun Tag, puoi essere il primo ad aggiungerne!!
|
MARC
| LEADER | 00000nam a2200000 4500 | ||
|---|---|---|---|
| 001 | c024892 | ||
| 005 | 20221214094320.8 | ||
| 041 | 0 | |a ger | |
| 041 | 0 | |a slo | |
| 044 | |a SK | ||
| 245 | 1 | 0 | |a Nemecko-slovenský slovník marketingových výrazov |c Viliam Körmendy, Vladislav Jurčo |
| 250 | |a 1. vyd. | ||
| 264 | 1 | |a Bratislava |b UNIAPRESS |c 1991 | |
| 300 | |a 78 s. | ||
| 100 | 1 | |a Körmendy, Viliam | |
| 700 | 1 | |a Jurčo, Vladislav | |